000 01116nam a22002777a 4500
999 _c12571
_d12571
003 AR-CdUCM
008 190409b ||||| |||| 00| 0 spa d
040 _aMUNICIPALIDAD PROVINCIAL DEL CUSCO
_cBIBLIOTECA MUNICIPAL DEL CUSCO
041 _hfre
082 _a869.5591 /
_bT81 / 1946
100 _aTristán, Flora
_95032
245 _aPeregrinaciones de una paria /
260 _aLima :
_bCultura Antártica,
_c1946
300 _a2 tomos ;
_c24 cm.
_bretrato,
440 _aViajeros en el Perú.
_n1
_930462
500 _aTexto conformado por dos tomos.
505 _aContenido: t.1: El Mexicano -- La praya -- La vida a bordo -- Valparaíso -- El Leonidas .. -- t.2: Don Pío de Tristan y su familia -- La república y los tres presidentes -- Los conventos de Arequipa -- La batalla de Cangallo -- Una tentación ...
650 _aLiteratura Peruana
_9132
650 _aSiglo XX
_98
650 _aHistoria
_9136
650 _aDescripciones y viajes
_9497
700 _aRomero, Emilia (traducción)
_928916
700 _aBasadre, Jorge (prólogo)
_910465
942 _2ddc
_cLIBROS
945 _aachl
_d2019-04-09